Language Quiz

Random Language or German Quiz

Essential Verbs (German) Quiz Stats

 Plays Quiz Updated Oct 5, 2013

Support Sporcle.
Go Orange.
Score 0/55 Timer 06:00
10 Plays Today
English translation Verb % Correct
To havehaben
86.4%
To eatessen
86.3%
To comekommen
81.2%
To speaksprechen
80.7%
To playspielen
79.1%
To besein
78.4%
To make; domachen
78.1%
To findfinden
77.7%
To seesehen
77.5%
To workarbeiten
75.2%
To go; walkgehen
74.9%
To hear, listenhören
74.8%
To writeschreiben
74.8%
To helphelfen
74.5%
To sleepschlafen
74.5%
To sitsitzen
73.6%
To buykaufen
72.9%
To have to; mustmüssen
71%
To bringbringen
71%
To givegeben
70.6%
To travel; drive; ride; gofahren
69.4%
To thinkdenken
69%
To liveleben
68.4%
To be able (can)können
68%
To reside, livewohnen
68%
To be called or namedheißen
67.4%
To ask (a question)fragen
67.2%
To want; intendwollen
63.7%
English translation Verb % Correct
To know (a fact)wissen
63.4%
To know (by acquaintance)kennen
60.9%
To carry; weartragen
60.6%
To be supposed to; ought (should)sollen
60.6%
To say; tell; speaksagen
60.6%
To standstehen
59.3%
To needbrauchen
59.2%
To takenehmen
57.8%
To run; walk; functionlaufen
57.1%
To get, receive; agree withbekommen
56.2%
To like; want; maymögen
56.2%
To remain, stay; keepbleiben
56.1%
To waitwarten
56%
To believeglauben
55.6%
To hold; stop; considerhalten
55.4%
To lie; be situatedliegen
52.6%
To diesterben
52%
To do; make; put; acttun
51.4%
To become; shall or will; bewerden
50.2%
To meet; hittreffen
49.6%
To let; leave; allow; abandon; stoplassen
44.5%
To belong, owngehören
40.8%
To lay, put, placelegen
40.8%
To hit; beat; strikeschlagen
40.8%
To throw, hurl, flingwerfen
36.2%
To pull, draw; go, moveziehen
35.3%
To put, placestellen
32%

You're not logged in!

Compare scores with friends on all Sporcle quizzes.
OR
Log In

From the Vault

Opening Day Lineups: Rays

by lineupquizzes

For the 2010 season, we look back on the last 20 years: Rays Edition.
Remove Ads.
Support Sporcle.
Get the best of Sporcle when you Go Orange. This ad-free experience offers more features, more stats, and more fun while also helping to support Sporcle. Thank you for becoming a member.

Show Comments

Extras

Top Quizzes Today


Score Distribution

Your Account Isn't Verified!

In order to create a playlist on Sporcle, you need to verify the email address you used during registration. Go to your Sporcle Settings to finish the process.

Report this User

Report this user for behavior that violates our Community Guidelines.

Details: